[Event "España ch-2015 sub-18"]
[Site "Salobrena ESP"]
[Date "2015.07.27"]
[Round "2.7"]
[White "Rubio Tent, Francisco"]
[Black "Garcia Porlan, Beatriz"]
[Result "1/2-1/2"]
[WhiteElo "2275"]
[BlackElo "2006"]
[PlyCount "66"]
[EventDate "2015.07.27"]
[EventType "swiss"]
[EventRounds "9"]
[EventCountry "ESP"]
[Source "lmi"]
[SourceDate "2015.07.27"]

1. e4 e5 2. Nf3 Nc6 3. Bb5 a6 4. Bxc6 dxc6 5. O-O f6 6. d4 exd4 7. Nxd4 c5 8.
Nb3 Qxd1 9. Rxd1 Bd7 10. Be3 b6 11. Nc3 O-O-O 12. a4 a5 13. h3 Ne7 14. Bf4 Nc6
15. Nd5 Ne5 16. Bxe5 fxe5 17. Nd2 g6 18. Nc4 Bg7 19. Rd3 Bc6 20. Ne7+ Kb7 21.
Nxc6 Kxc6 22. Rad1 Rd4 23. Rxd4 cxd4 24. Kf1 Kc5 25. b3 c6 26. Ke2 Ra8 27. Ra1
Ra7 28. Kd3 Rf7 29. f3 Ra7 30. Ke2 Rf7 31. Kd3 Ra7 32. Ke2 Rf7 33. Kd3 Bf8
1/2-1/2

[Event "España ch-2015 sub-18"]
[Site "Salobrena ESP"]
[Date "2015.07.27"]
[Round "2.8"]
[White "Porlan Minarro, Antonio"]
[Black "Balbuena Fuentes, Mario"]
[Result "0-1"]
[WhiteElo "2040"]
[BlackElo "2265"]
[PlyCount "80"]
[EventDate "2015.07.27"]
[EventType "swiss"]
[EventRounds "9"]
[EventCountry "ESP"]
[Source "lmi"]
[SourceDate "2015.07.27"]

1. e4 Nf6 2. e5 Nd5 3. d4 d6 4. c4 Nb6 5. exd6 exd6 6. Nc3 Nc6 7. b3 Be7 8. Be3
O-O 9. Be2 Bg5 10. Bxg5 Qxg5 11. Bf3 Re8+ 12. Nge2 Bg4 13. Bxg4 Qxg4 14. O-O a5
15. Re1 Re7 16. Qd2 a4 17. c5 dxc5 18. dxc5 Nd7 19. Nd5 Re5 20. Nxc7 Rd8 21.
Nc3 Nf8 22. N7d5 Nd4 23. Qf4 Qxf4 24. Nxf4 Rxc5 25. Nxa4 Rf5 26. Nh3 b5 27. Nb2
Ra8 28. Red1 Ne2+ 29. Kf1 Nc3 30. Rd2 Rxa2 31. Rxa2 Nxa2 32. g4 Rf3 33. Rd3
Rxd3 34. Nxd3 Ne6 35. Ke1 Nd4 36. Kd2 b4 37. Nhf4 Nxb3+ 38. Kc2 Nd4+ 39. Kb2
Nc3 40. Nd5 Nxd5 0-1

[Event "España ch-2015 sub-18"]
[Site "Salobrena ESP"]
[Date "2015.07.27"]
[Round "2.9"]
[White "Shen, Yue"]
[Black "Guerra Arrocha, Daniel"]
[Result "1/2-1/2"]
[WhiteElo "2248"]
[BlackElo "1989"]
[PlyCount "148"]
[EventDate "2015.07.27"]
[EventType "swiss"]
[EventRounds "9"]
[EventCountry "ESP"]
[Source "lmi"]
[SourceDate "2015.07.27"]

1. d4 Nf6 2. c4 c5 3. d5 b5 4. Qc2 bxc4 5. e4 d6 6. Bxc4 g6 7. Nf3 Bg7 8. O-O
O-O 9. h3 Ba6 10. Nbd2 Nfd7 11. Rb1 Nb6 12. Bxa6 Nxa6 13. a3 Qd7 14. Nc4 Rfb8
15. Na5 Qa4 16. Qxa4 Nxa4 17. Nc6 Rb7 18. Bg5 Kf8 19. Rfe1 Nb8 20. Na5 Rxb2 21.
Rxb2 Bxb2 22. Nc4 Nd7 23. Nxb2 Nxb2 24. Rb1 Rb8 25. Nd2 Rb6 26. Rc1 f6 27. Bh4
Kf7 28. Kf1 Ne5 29. Rc3 Na4 30. Rc2 Rb2 31. Rxb2 Nxb2 32. Ke2 Nec4 33. Nb1 e6
34. dxe6+ Kxe6 35. g4 f5 36. gxf5+ gxf5 37. exf5+ Kxf5 38. Be7 Na4 39. Kd3 d5
40. Kc2 Ke6 41. Bf8 d4 42. Kb3 Ncb6 43. Nd2 Kd5 44. f3 c4+ 45. Nxc4 Nxc4 46.
Kxa4 Nd2 47. f4 Kc4 48. f5 Ne4 49. Be7 d3 50. Bb4 d2 51. Bxd2 Nxd2 52. f6 Nb3
53. f7 Nc5+ 54. Ka5 Nd7 55. Ka6 Kd5 56. Kxa7 Ke6 57. Kb7 Kxf7 58. Kc6 Ke6 59.
a4 h5 60. a5 h4 61. Kc7 Nc5 62. Kc6 Nd3 63. Kb6 Nb4 64. Kc5 Nd5 65. Kc6 Ke5 66.
Kc5 Ke6 67. Kc6 Ne7+ 68. Kc7 Kd5 69. a6 Nc6 70. Kb6 Kd6 71. Kb7 Kd5 72. Kb6 Kd6
73. Kb7 Nd8+ 74. Kb6 Ke5 1/2-1/2

[Event "España ch-2015 sub-18"]
[Site "Salobrena ESP"]
[Date "2015.07.27"]
[Round "2.10"]
[White "Rivas Diaz, Pablo"]
[Black "Martin Garcia, Guillermo"]
[Result "0-1"]
[WhiteElo "2029"]
[BlackElo "2240"]
[PlyCount "73"]
[EventDate "2015.07.27"]
[EventType "swiss"]
[EventRounds "9"]
[EventCountry "ESP"]
[Source "lmi"]
[SourceDate "2015.07.27"]

1. e4 e5 2. Nf3 Nc6 3. Nc3 Nf6 4. d4 exd4 5. Nd5 Nb4 6. Bc4 Nbxd5 7. exd5 Bb4+
8. Bd2 Qe7+ 9. Qe2 Qxe2+ 10. Kxe2 Bc5 11. b4 Bb6 12. Kd3 O-O 13. Rhe1 Ng4 14.
Re2 d6 15. Nxd4 Ne5+ 16. Kc3 c6 17. Bf4 Nxc4 18. Kxc4 cxd5+ 19. Kd3 Bg4 20. f3
Bxd4 21. Kxd4 Be6 22. Bxd6 Rfc8 23. c3 Rc4+ 24. Kd3 Bf5+ 25. Kd2 d4 26. Re5
dxc3+ 27. Ke3 c2 28. Rc1 Bg6 29. f4 f6 30. Rc5 Re8+ 31. Kf2 Rd4 32. f5 Bh5 33.
R1xc2 Rxd6 34. Rc7 Red8 35. Ke3 Rc6 36. R7xc6 Ra8 37. Kd4 0-1

[Event "España ch-2015 sub-18"]
[Site "Salobrena ESP"]
[Date "2015.07.27"]
[Round "2.11"]
[White "Picos Maiztegui, Miguel"]
[Black "Ponce Cano, Adrian"]
[Result "1-0"]
[WhiteElo "2023"]
[BlackElo "2183"]
[PlyCount "67"]
[EventDate "2015.07.27"]
[EventType "swiss"]
[EventRounds "9"]
[EventCountry "ESP"]
[Source "lmi"]
[SourceDate "2015.07.27"]

1. e4 c5 2. Nf3 a6 3. c3 b5 4. d4 cxd4 5. cxd4 Bb7 6. Bd3 e6 7. O-O g6 8. Bg5
Qb6 9. Be3 Bg7 10. Nc3 Nf6 11. e5 Nd5 12. Ne4 O-O 13. Rc1 Nc6 14. Nc5 Nxe3 15.
fxe3 Rad8 16. Ng5 Ne7 17. Nxb7 Qxb7 18. Ne4 Nf5 19. Qf3 Qd5 20. Qh3 f6 21. exf6
Bxf6 22. g4 Qxa2 23. gxf5 exf5 24. Nxf6+ Rxf6 25. Qg2 Qe6 26. Rfe1 Rdf8 27. Rc5
d6 28. Rc6 f4 29. e4 Qb3 30. Qc2 Qe6 31. Rxa6 Qg4+ 32. Qg2 f3 33. Qxg4 f2+ 34.
Kf1 1-0

[Event "España ch-2015 sub-18"]
[Site "Salobrena ESP"]
[Date "2015.07.27"]
[Round "2.12"]
[White "Redondo Benavente, Jose Carlos"]
[Black "Ruperez Benito, Antonio"]
[Result "1/2-1/2"]
[WhiteElo "1988"]
[BlackElo "2148"]
[PlyCount "70"]
[EventDate "2015.07.27"]
[EventType "swiss"]
[EventRounds "9"]
[EventCountry "ESP"]
[Source "lmi"]
[SourceDate "2015.07.27"]

1. e4 e6 2. d4 d5 3. Nd2 Nf6 4. e5 Nfd7 5. f4 c5 6. c3 Nc6 7. Ndf3 Be7 8. a3 a5
9. Bd3 g6 10. Ne2 b6 11. O-O Ba6 12. Bc2 b5 13. g4 Qb6 14. Kh1 b4 15. axb4 axb4
16. f5 gxf5 17. gxf5 O-O-O 18. Re1 Bxe2 19. Rxe2 exf5 20. Bxf5 Kb7 21. Be3 h6
22. Qd2 c4 23. Bxh6 Na5 24. Bc2 Rxh6 25. Rxa5 Qxa5 26. Qxh6 bxc3 27. bxc3 Qxc3
28. Qe3 Qxe3 29. Rxe3 Rh8 30. Re2 Nf8 31. Rg2 Ne6 32. Rg4 Ra8 33. h4 Bf8 34.
Ng1 f6 35. Rg5 fxg5 1/2-1/2

[Event "España ch-2015 sub-18"]
[Site "Salobrena ESP"]
[Date "2015.07.27"]
[Round "2.13"]
[White "Ribera Cebolla, Marc"]
[Black "Lozano Osorio, Isaac"]
[Result "1/2-1/2"]
[WhiteElo "2146"]
[BlackElo "1987"]
[PlyCount "81"]
[EventDate "2015.07.27"]
[EventType "swiss"]
[EventRounds "9"]
[EventCountry "ESP"]
[Source "lmi"]
[SourceDate "2015.07.27"]

1. e4 c6 2. d4 d5 3. Nc3 dxe4 4. Nxe4 Nf6 5. Nxf6+ exf6 6. c3 Bd6 7. Bc4 O-O 8.
Ne2 Qc7 9. Be3 Bg4 10. h3 Bh5 11. Qd2 Re8 12. O-O Bxe2 13. Bxe2 Nd7 14. Bf3
Rad8 15. Qc2 Nf8 16. c4 Ne6 17. d5 cxd5 18. Rad1 dxc4 19. Qa4 a6 20. Bxb7 Qxb7
21. Rxd6 Qxb2 22. Rxd8 Rxd8 23. Qxc4 Qb7 24. Rc1 h6 25. a4 Rd7 26. Qc6 Rd1+ 27.
Kh2 Qb8+ 28. g3 Rxc1 29. Bxc1 Qc7 30. Qxc7 Nxc7 31. Ba3 f5 32. Kg2 f6 33. Kf3
Nd5 34. g4 g6 35. gxf5 gxf5 36. Bc1 h5 37. a5 Kf7 38. Kg3 Kg6 39. Bd2 Kg7 40.
Kf3 Kf7 41. Kg3 1/2-1/2

[Event "España ch-2015 sub-18"]
[Site "Salobrena ESP"]
[Date "2015.07.27"]
[Round "2.14"]
[White "Gonzalez Capacete, Jose Miguel"]
[Black "Bernabeu Lopez, Carlos Javier"]
[Result "1/2-1/2"]
[WhiteElo "1977"]
[BlackElo "2142"]
[PlyCount "61"]
[EventDate "2015.07.27"]
[EventType "swiss"]
[EventRounds "9"]
[EventCountry "ESP"]
[Source "lmi"]
[SourceDate "2015.07.27"]

1. e4 e5 2. Nf3 Nc6 3. Bb5 a6 4. Ba4 Nge7 5. d4 exd4 6. Nxd4 g6 7. Be3 Bg7 8.
Nc3 O-O 9. h4 Ne5 10. Bb3 b5 11. Nf3 d6 12. Nd5 Nxd5 13. Bxd5 c6 14. Nxe5 cxd5
15. Nc6 Qe8 16. exd5 Bxb2 17. O-O Bxa1 18. Qxa1 f6 19. Re1 Qd7 20. Bd4 Re8 21.
Rxe8+ Qxe8 22. Bxf6 h6 23. h5 Bf5 24. Be7 Qf7 25. Bxd6 Re8 26. hxg6 Qxg6 27.
Ne7+ Rxe7 28. Bxe7 Be4 29. Qf1 Bxd5 30. a3 Qxc2 31. Bd6 1/2-1/2

[Event "España ch-2015 sub-18"]
[Site "Salobrena ESP"]
[Date "2015.07.27"]
[Round "2.15"]
[White "Garcia Gonzalez, Omar"]
[Black "Buendia Pinar, Alvaro"]
[Result "0-1"]
[WhiteElo "1964"]
[BlackElo "2134"]
[PlyCount "64"]
[EventDate "2015.07.27"]
[EventType "swiss"]
[EventRounds "9"]
[EventCountry "ESP"]
[Source "lmi"]
[SourceDate "2015.07.27"]

1. e4 c5 2. Nf3 d6 3. d4 cxd4 4. Nxd4 Nf6 5. Nc3 Nc6 6. Be3 Ng4 7. Bb5 Nxe3 8.
Nxc6 Nxd1 9. Nxd8+ Kxd8 10. Rxd1 e6 11. O-O Kc7 12. Rd4 Be7 13. Rfd1 a6 14. Be2
Rd8 15. Rc4+ Kb8 16. a4 Bd7 17. a5 Ka7 18. Na4 Bb5 19. Rc7 Bxe2 20. Re1 Bb5 21.
Nb6 Bf6 22. Nxa8 Kxa8 23. Rxf7 Bxb2 24. c4 Bc6 25. h4 Bf6 26. g4 Be8 27. Rf8
Bxh4 28. Rd1 Bc6 29. Rf7 Bf6 30. Re1 Rg8 31. f4 Be8 32. g5 Bd4+ 0-1

[Event "España ch-2015 sub-18"]
[Site "Salobrena ESP"]
[Date "2015.07.27"]
[Round "2.16"]
[White "Fernandez Cano, Victor"]
[Black "Campins Machado, Francesc"]
[Result "1/2-1/2"]
[WhiteElo "1956"]
[BlackElo "2127"]
[PlyCount "155"]
[EventDate "2015.07.27"]
[EventType "swiss"]
[EventRounds "9"]
[EventCountry "ESP"]
[Source "lmi"]
[SourceDate "2015.07.27"]

1. Nf3 Nf6 2. d4 e6 3. c4 b6 4. Nc3 Bb4 5. Bg5 h6 6. Bh4 g5 7. Bg3 Ne4 8. Qc2
Bb7 9. O-O-O Bxc3 10. bxc3 Qe7 11. Kb2 d6 12. Nd2 f5 13. f3 Nxd2 14. Rxd2 Nd7
15. e3 O-O-O 16. Bd3 c5 17. Re1 Rhf8 18. a4 a5 19. Ka2 Kb8 20. d5 Ka7 21. Qb1
Ba6 22. e4 f4 23. Bf2 Ne5 24. Kb3 exd5 25. exd5 h5 26. Bf1 Rde8 27. h3 Qg7 28.
Rdd1 Re7 29. Qc1 g4 30. hxg4 hxg4 31. fxg4 Qxg4 32. Re4 Qf5 33. Rde1 Rh7 34.
Qd2 Rh1 35. Qc2 Rxf1 36. Rxf1 Bxc4+ 37. Rxc4 Qxc2+ 38. Kxc2 Nxc4 39. Bg1 Rg8
40. Rf2 Ne3+ 41. Kd3 Nxd5 42. Kc4 Ne3+ 43. Kb5 Rf8 44. Re2 Nd5 45. Kc4 Rf5 46.
Re6 Nf6 47. Rxd6 Kb7 48. Kb5 Nd5 49. Kc4 Nc7 50. Bh2 Rf7 51. Rh6 Ne8 52. Kd5
Nf6+ 53. Ke6 Ng4 54. Rg6 Rh7 55. Bxf4 Nf2 56. Be5 Nd3 57. g4 Kc6 58. Kf5+ Kd5
59. Rd6+ Kc4 60. Bf6 b5 61. axb5 a4 62. g5 Rh1 63. b6 Rf1+ 64. Ke6 a3 65. b7
Rb1 66. Ra6 Rxb7 67. Rxa3 Nf4+ 68. Kf5 Nh5 69. Ra4+ Kb3 70. Ra1 Kb2 71. Ra5
Nxf6 72. gxf6 c4 73. Ke6 Kxc3 74. f7 Rxf7 75. Kxf7 Kd3 76. Ke6 c3 77. Kd5 c2
78. Rc5 1/2-1/2

[Event "España ch-2015 sub-18"]
[Site "Salobrena ESP"]
[Date "2015.07.27"]
[Round "2.17"]
[White "Gomez Dieguez, Adrian"]
[Black "Marquez Marvizon, Alejandra"]
[Result "1/2-1/2"]
[WhiteElo "2124"]
[BlackElo "1968"]
[PlyCount "66"]
[EventDate "2015.07.27"]
[EventType "swiss"]
[EventRounds "9"]
[EventCountry "ESP"]
[Source "lmi"]
[SourceDate "2015.07.27"]

1. e4 e6 2. d4 d5 3. Nd2 dxe4 4. Nxe4 Nd7 5. Nf3 Ngf6 6. Nxf6+ Nxf6 7. c3 c5 8.
Ne5 a6 9. Be3 Qc7 10. Qa4+ Nd7 11. O-O-O cxd4 12. Bxd4 Bd6 13. Nf3 O-O 14. Qc2
e5 15. Be3 Nf6 16. h3 b5 17. g4 Bb7 18. Be2 Rfd8 19. g5 Be4 20. Bd3 Bxf3 21.
gxf6 g6 22. h4 Bxd1 23. Rxd1 b4 24. c4 Rac8 25. b3 e4 26. Bxe4 Be5 27. Bd5 Bxf6
28. h5 Qe5 29. hxg6 Qa1+ 30. Qb1 Qc3+ 31. Qc2 Qxc2+ 32. Kxc2 hxg6 33. c5 Be5
1/2-1/2

[Event "España ch-2015 sub-18"]
[Site "Salobrena ESP"]
[Date "2015.07.27"]
[Round "2.18"]
[White "Gonzalez Fernandez, Pedro"]
[Black "Pozanco Romasanta, Marc"]
[Result "1/2-1/2"]
[WhiteElo "1825"]
[BlackElo "2121"]
[PlyCount "32"]
[EventDate "2015.07.27"]
[EventType "swiss"]
[EventRounds "9"]
[EventCountry "ESP"]
[Source "lmi"]
[SourceDate "2015.07.27"]

1. e4 Nf6 2. Nc3 d5 3. exd5 Nxd5 4. Bc4 e6 5. Qg4 Nc6 6. Nf3 h5 7. Qe4 Nf6 8.
Qe2 h4 9. d4 Nxd4 10. Nxd4 Qxd4 11. Nb5 Qb6 12. Bf4 Bd6 13. Be3 Bc5 14. Bf4 Bd6
15. Be3 Bc5 16. Bf4 Bd6 1/2-1/2

[Event "España ch-2015 sub-18"]
[Site "Salobrena ESP"]
[Date "2015.07.27"]
[Round "2.19"]
[White "Portela Peleteiro, Alberto"]
[Black "Alfaro Garcia del Cerro, Juan L"]
[Result "1/2-1/2"]
[WhiteElo "2105"]
[BlackElo "1872"]
[PlyCount "102"]
[EventDate "2015.07.27"]
[EventType "swiss"]
[EventRounds "9"]
[EventCountry "ESP"]
[Source "lmi"]
[SourceDate "2015.07.27"]

1. e4 c5 2. Nf3 d6 3. d4 cxd4 4. Nxd4 Nf6 5. Nc3 a6 6. Be2 e5 7. Nb3 Be7 8. Be3
Be6 9. Nd5 Nbd7 10. Qd3 Rc8 11. c4 b5 12. cxb5 axb5 13. Qxb5 O-O 14. Nxf6+ Nxf6
15. Bb6 Qe8 16. Qxe8 Rfxe8 17. Bb5 Rf8 18. Na5 Rb8 19. Nc6 Rxb6 20. Nxe7+ Kh8
21. a4 Ra8 22. O-O Nxe4 23. Bc6 Ra7 24. Bxe4 Rxe7 25. a5 Rxb2 26. a6 Ra7 27.
Rfb1 Rxb1+ 28. Rxb1 g6 29. Bb7 Bc4 30. Rb6 d5 31. f3 Kg7 32. Kf2 Kf8 33. g4 h6
34. h4 Ke7 35. h5 gxh5 36. gxh5 d4 37. Rxh6 f6 38. Rh7+ Kd6 39. h6 Bxa6 40. Rg7
Bd3 41. h7 Ra2+ 42. Kg3 Bf1 43. h8=Q Rg2+ 44. Kh3 Rxg7+ 45. Kh2 Rxb7 46. Qxf6+
Kd5 47. Qf5 Re7 48. Qe4+ Kd6 49. Qb1 Be2 50. Kg2 d3 51. Kf2 Rf7 1/2-1/2

[Event "España ch-2015 sub-18"]
[Site "Salobrena ESP"]
[Date "2015.07.27"]
[Round "2.20"]
[White "Rodriguez Garcia, Miguel"]
[Black "Buiza Prieto, Eihartze"]
[Result "1-0"]
[WhiteElo "1695"]
[BlackElo "2095"]
[PlyCount "159"]
[EventDate "2015.07.27"]
[EventType "swiss"]
[EventRounds "9"]
[EventCountry "ESP"]
[Source "lmi"]
[SourceDate "2015.07.27"]

1. d4 d6 2. c4 g6 3. Nf3 Bg7 4. Nc3 Nf6 5. Bg5 Nbd7 6. e3 c6 7. Be2 O-O 8. O-O
Qc7 9. Rc1 e5 10. d5 c5 11. e4 h6 12. Be3 a6 13. h3 Re8 14. Qd2 Kh7 15. Rb1 b6
16. a4 Nf8 17. b4 Nh5 18. g4 Nf4 19. Kh2 g5 20. Rb3 Bd7 21. Rfb1 Reb8 22. Bf1
Kg8 23. Qb2 Rd8 24. bxc5 bxc5 25. Rb7 Qc8 26. Qb6 Bxg4 27. Rc7 Qxc7 28. Qxc7
Bxf3 29. Rb7 Rd7 30. Qc6 Rdd8 31. Rb6 f5 32. exf5 e4 33. Nb1 Rac8 34. Qb7 Be5
35. Kg1 Ra8 36. a5 Bd1 37. Na3 Nd7 38. Rxa6 Rab8 39. Qc7 Rbc8 40. Qa7 Ba4 41.
Nb5 Bxb5 42. cxb5 Kf8 43. b6 Nxd5 44. Qb7 Nb4 45. Ra7 d5 46. a6 Rb8 47. Qxd7
Rxd7 48. Rxd7 Nxa6 49. Rxd5 Bd4 50. Bxa6 Rxb6 51. Bc4 Rb1+ 52. Kg2 Bxe3 53.
fxe3 Rb2+ 54. Kg3 Rc2 55. Rxc5 Rc3 56. Kf2 Rc2+ 57. Kf1 Rh2 58. Re5 Rxh3 59.
Rxe4 Rf3+ 60. Kg2 Rxf5 61. Re6 Kg7 62. Bd3 Rf6 63. Rxf6 Kxf6 64. Be2 Kf5 65.
Kf2 g4 66. Bd3+ Kg5 67. Kg3 h5 68. Bf1 h4+ 69. Kh2 Kf5 70. Bg2 Ke5 71. Bb7 Kf5
72. Kg2 Ke5 73. Kf2 Kf5 74. Bc8+ Kg5 75. Kg2 Kh5 76. e4 Kg5 77. e5 Kh5 78. Kf2
Kg5 79. Bd7 Kh5 80. e6 1-0

[Event "España ch-2015 sub-18"]
[Site "Salobrena ESP"]
[Date "2015.07.27"]
[Round "2.21"]
[White "Aymerich Verdaguer, Eduard"]
[Black "Garreta Nieto, Maria"]
[Result "1-0"]
[WhiteElo "2091"]
[BlackElo "1627"]
[PlyCount "69"]
[EventDate "2015.07.27"]
[EventType "swiss"]
[EventRounds "9"]
[EventCountry "ESP"]
[Source "lmi"]
[SourceDate "2015.07.27"]

1. d4 d5 2. c4 c6 3. Nf3 Nf6 4. Nc3 g6 5. Bf4 dxc4 6. a4 Nd5 7. Be5 f6 8. Bxb8
Rxb8 9. e4 Nc7 10. Bxc4 Bg4 11. Qb3 Bh6 12. Rd1 Kf8 13. d5 cxd5 14. Nxd5 Bxf3
15. Qxf3 Nxd5 16. Rxd5 Qc7 17. Qd3 a6 18. O-O Bf4 19. g3 Bd6 20. f4 Kg7 21. h4
Rhd8 22. Rd1 Bc5+ 23. Kf1 Bb6 24. h5 Rbc8 25. b3 a5 26. hxg6 hxg6 27. f5 g5 28.
Qf3 Rh8 29. e5 Rcd8 30. exf6+ exf6 31. Rxd8 Rxd8 32. Rxd8 Qxd8 33. Qxb7+ Qc7
34. Qd5 Kh7 35. Qg8+ 1-0

[Event "España ch-2015 sub-18"]
[Site "Salobrena ESP"]
[Date "2015.07.27"]
[Round "2.22"]
[White "Sanchez Vigon, David"]
[Black "Garcia Martinez de la Hidalga, Enriq"]
[Result "1-0"]
[WhiteElo "2201"]
[BlackElo "1510"]
[PlyCount "46"]
[EventDate "2015.07.27"]
[EventType "swiss"]
[EventRounds "9"]
[EventCountry "ESP"]
[Source "lmi"]
[SourceDate "2015.07.27"]

1. d4 d6 2. Nf3 Nf6 3. Bg5 c6 4. c3 Bg4 5. Nbd2 e6 6. Qc2 h6 7. Bh4 d5 8. e3
Bf5 9. Bd3 Bxd3 10. Qxd3 Be7 11. O-O O-O 12. Ne5 Nbd7 13. f4 Qc7 14. Rf3 c5 15.
Rh3 cxd4 16. exd4 Bd6 17. Bxf6 Nxf6 18. Rf1 Nd7 19. Qg3 Kh8 20. Rf3 Nxe5 21.
fxe5 Be7 22. Qf4 Bg5 23. Qxg5 Qd8 1-0

[Event "España ch-2015 sub-18"]
[Site "Salobrena ESP"]
[Date "2015.07.27"]
[Round "2.23"]
[White "Garrido Piriz, Pablo"]
[Black "Sebastian Cantarino, Adrian"]
[Result "1-0"]
[WhiteElo "2138"]
[BlackElo "1883"]
[PlyCount "47"]
[EventDate "2015.07.27"]
[EventType "swiss"]
[EventRounds "9"]
[EventCountry "ESP"]
[Source "lmi"]
[SourceDate "2015.07.27"]

1. e4 e5 2. Nf3 Nc6 3. d4 exd4 4. Bc4 Nf6 5. e5 d5 6. Bb5 Ne4 7. Nxd4 Bd7 8.
Bxc6 bxc6 9. O-O Be7 10. f3 Nc5 11. f4 Ne4 12. Nc3 Nxc3 13. bxc3 c5 14. Ne2 Bb5
15. Rf3 Bxe2 16. Qxe2 Qd7 17. f5 d4 18. f6 Bf8 19. Ba3 Qc6 20. Qc4 Qe6 21. Qb5+
c6 22. Qb7 Qc8 23. fxg7 Bxg7 24. Qxf7+ 1-0

[Event "España ch-2015 sub-18"]
[Site "Salobrena ESP"]
[Date "2015.07.27"]
[Round "2.24"]
[White "Esquivias Quintero, Luis Manuel"]
[Black "Cribilles Perez, Carlos"]
[Result "1/2-1/2"]
[WhiteElo "2134"]
[BlackElo "1844"]
[PlyCount "101"]
[EventDate "2015.07.27"]
[EventType "swiss"]
[EventRounds "9"]
[EventCountry "ESP"]
[Source "lmi"]
[SourceDate "2015.07.27"]

1. e4 c5 2. Nc3 Nc6 3. Nf3 g6 4. d4 cxd4 5. Nxd4 Bg7 6. Be3 Nf6 7. Bc4 O-O 8.
Bb3 Qa5 9. O-O d6 10. h3 Bd7 11. Qd2 Nxd4 12. Bxd4 Nxe4 13. Qe3 Bxd4 14. Qxe4
Bxc3 15. bxc3 Qg5 16. h4 Bf5 17. Qxb7 Qxh4 18. Rad1 Rfb8 19. Qf3 a5 20. Rd4 Qg5
21. Re1 Ra7 22. Qd5 Qf6 23. Rf4 h5 24. f3 e5 25. Ra4 Rb6 26. Rxa5 Qh4 27. Rd1
Rc7 28. Ra8+ Kg7 29. a4 Be6 30. Qa5 Rbb7 31. Bxe6 fxe6 32. Qa6 Rd7 33. a5 Rbc7
34. Qd3 d5 35. a6 Ra7 36. Rxa7 Rxa7 37. Qb5 Qe7 38. Qb6 Kf6 39. Ra1 Kf5 40. Qe3
Qc7 41. Kh1 Kf6 42. Ra4 Kg7 43. c4 dxc4 44. Rxc4 Qxc4 45. Qxa7+ Kf6 46. Kg1 Qe2
47. g4 h4 48. g5+ Kxg5 49. Qe7+ Kf5 50. Qxh4 Qxa6 51. Qe4+ 1/2-1/2

[Event "España ch-2015 sub-18"]
[Site "Salobrena ESP"]
[Date "2015.07.27"]
[Round "2.25"]
[White "Perez Tores, Juan Miguel"]
[Black "Comellas Martos, Lidia"]
[Result "1-0"]
[WhiteElo "2129"]
[BlackElo "1822"]
[PlyCount "39"]
[EventDate "2015.07.27"]
[EventType "swiss"]
[EventRounds "9"]
[EventCountry "ESP"]
[Source "lmi"]
[SourceDate "2015.07.27"]

1. e4 c5 2. Nf3 Nc6 3. d4 cxd4 4. Nxd4 g6 5. Nc3 Bg7 6. Be3 Nf6 7. Nxc6 bxc6 8.
e5 Ng8 9. Bd4 Qa5 10. Bc4 Bxe5 11. O-O Bf6 12. Re1 d5 13. Bb3 Be6 14. Na4 Qb4
15. c3 Qd6 16. Nc5 Bd7 17. Qd2 Kf8 18. Qe3 Bxd4 19. cxd4 e6 20. Qe5 1-0

[Event "España ch-2015 sub-18"]
[Site "Salobrena ESP"]
[Date "2015.07.27"]
[Round "2.26"]
[White "Gonzalez Benavides, Pilar"]
[Black "Montoya Pecurul, Marc"]
[Result "0-1"]
[WhiteElo "1673"]
[BlackElo "2074"]
[PlyCount "57"]
[EventDate "2015.07.27"]
[EventType "swiss"]
[EventRounds "9"]
[EventCountry "ESP"]
[Source "lmi"]
[SourceDate "2015.07.27"]

1. e4 c5 2. Nf3 e6 3. d4 cxd4 4. Nxd4 Nc6 5. Nc3 Qc7 6. Ndb5 Qb8 7. Be3 a6 8.
Nd4 Nf6 9. f3 b5 10. Be2 Bb7 11. Qd2 Bb4 12. Nxc6 Bxc6 13. a3 Ba5 14. O-O O-O
15. Bc5 Rc8 16. Be7 Bc7 17. Qg5 Bxh2+ 18. Kh1 Bf4 19. Qh4 Ne8 20. Bd3 g6 21.
Ne2 Be5 22. c3 Qb7 23. Nd4 d6 24. Nxc6 Rxc6 25. f4 Bg7 26. f5 Rc5 27. Rf3 f6
28. Rh3 h6 29. Bf1 0-1

[Event "España ch-2015 sub-18"]
[Site "Salobrena ESP"]
[Date "2015.07.27"]
[Round "2.27"]
[White "Martin Fito, Angel Luis"]
[Black "Bernal Gomez, Alejandro"]
[Result "0-1"]
[WhiteElo "1586"]
[BlackElo "2044"]
[PlyCount "70"]
[EventDate "2015.07.27"]
[EventType "swiss"]
[EventRounds "9"]
[EventCountry "ESP"]
[Source "lmi"]
[SourceDate "2015.07.27"]

1. d4 Nf6 2. Nf3 e6 3. e3 b6 4. Bd3 Bb7 5. Nbd2 c5 6. c3 d5 7. O-O Nbd7 8. Re1
Ne4 9. Bc2 f5 10. Ne5 Nxe5 11. dxe5 Qc7 12. f4 Nxd2 13. Bxd2 Be7 14. Qh5+ g6
15. Qe2 h5 16. Rad1 O-O-O 17. b4 c4 18. a4 Rdg8 19. a5 b5 20. Qf2 g5 21. g3 a6
22. Kf1 h4 23. Bc1 Rg7 24. Ke2 hxg3 25. Qxg3 Rgh7 26. Rh1 Rh3 27. Qf2 d4 28.
exd4 Bxh1 29. Rxh1 Qc6 30. d5 Qxd5 31. Rd1 Rxh2 32. Rxd5 Rxf2+ 33. Kxf2 exd5
34. Bxf5+ Kc7 35. fxg5 Rf8 0-1

[Event "España ch-2015 sub-18"]
[Site "Salobrena ESP"]
[Date "2015.07.27"]
[Round "2.28"]
[White "Martinez Hernandez, Paula"]
[Black "Mazo Fernandez, Roberto"]
[Result "0-1"]
[WhiteElo "1714"]
[BlackElo "2025"]
[PlyCount "92"]
[EventDate "2015.07.27"]
[EventType "swiss"]
[EventRounds "9"]
[EventCountry "ESP"]
[Source "lmi"]
[SourceDate "2015.07.27"]

1. e4 c5 2. Nf3 d6 3. d4 Nf6 4. Nc3 cxd4 5. Nxd4 a6 6. Bg5 Nbd7 7. Qe2 Qc7 8.
O-O-O h6 9. Bh4 b5 10. a3 Bb7 11. f4 e6 12. f5 e5 13. Nf3 Be7 14. Kb1 Qc6 15.
Bxf6 Nxf6 16. Nd2 Rc8 17. Qf3 d5 18. Bd3 d4 19. Ne2 Nd7 20. Nb3 Qb6 21. Qg3 O-O
22. Qf2 b4 23. a4 Bc6 24. a5 Qb7 25. Nec1 Bxe4 26. Bxe4 Qxe4 27. Rhe1 Qb7 28.
Qe2 Rfe8 29. Rd3 Bf6 30. Rh3 e4 31. Qg4 Qc6 32. Re2 Kf8 33. Na2 Qc4 34. Nac1
Nc5 35. Qg3 Be5 36. Qe1 Bf6 37. Nxc5 Qxc5 38. Nb3 Qc4 39. Ka2 d3 40. cxd3 exd3
41. Rxe8+ Rxe8 42. Re3 Rxe3 43. Qxe3 Qc2 44. Nd4 b3+ 45. Nxb3 Qd2 46. Qxd2 Ke8
0-1

[Event "España ch-2015 sub-18"]
[Site "Salobrena ESP"]
[Date "2015.07.27"]
[Round "2.29"]
[White "Garcia Martin, Marta"]
[Black "Hevia Fernandez, Guillermo"]
[Result "1-0"]
[WhiteElo "2166"]
[BlackElo "1795"]
[PlyCount "45"]
[EventDate "2015.07.27"]
[EventType "swiss"]
[EventRounds "9"]
[EventCountry "ESP"]
[Source "lmi"]
[SourceDate "2015.07.27"]

1. e4 e6 2. d4 d5 3. Nd2 dxe4 4. Nxe4 Nd7 5. Nf3 Ngf6 6. Bd3 Nxe4 7. Bxe4 Nf6
8. Bd3 c5 9. dxc5 Bxc5 10. O-O O-O 11. Qe2 Qc7 12. Bg5 Be7 13. Rfe1 b6 14. Ne5
Bb7 15. Qe3 h6 16. Bxh6 Ne4 17. Bxe4 Bxe4 18. Qg3 Bg6 19. Nxg6 Bd6 20. Bf4 Bxf4
21. Qxf4 Qxc2 22. Ne7+ Kh8 23. Re3 1-0